| 000 | 00379 a2200097 4500 | ||
|---|---|---|---|
| 245 | 0 | 0 |
_aSprzęgacz odniesienia IEC do pomiarów aparatów słuchowych stosujących - słuchawki zakończone wkładką douszną PN-93/T-04702 / _cMP i Handlu. |
| 246 | 1 | 3 | _aPN-93/T-04702 |
| 246 | 1 | 3 | _a621.47:534.77:621.38.002.56 |
| 260 |
_aWarszawa : _bMP i Handlu, _c1993. |
||
| 300 |
_a5 stron ; _c30 cm. |
||
| 650 | _aPolska norma | ||
| 999 |
_c20249 _d20249 |
||